Normal view
MARC view
- Enseñanza programada
Entry Materia
001 - NÚMERO DE CONTROL DEL REGISTRO
- campo de control: 2238
003 - IDENTIFICADOR DE NUMERO DE CONTROL
- campo de control: UPN
005 - FECHA Y HORA DE LA ÚLTIMA TRANSACCIÓN
- campo de control: 20220923120846.0
008 - DATOS DE LONGITUD FIJA
- campo de control de longitud fija: 220923n||acznnbabn | ana |d
035 ## - NÚMERO DE CONTROL DEL SISTEMA
- Número de control del sistema: UPN10000002238
040 ## - FUENTE DE LA CATALOGACIÓN
- Centro catalogador de origen: UPN
- Lengua de catalogación: spa
- Agencia de transcripción: UPN
046 ## - FECHAS CON CODIFICACIÓN ESPECIAL
- Fecha final para contenidos agregados: 2022
150 ## - ENCABEZAMIENTO - TEMÁTICO
- Término de materia o nombre geográfico como elemento inicial: Enseñanza programada
360 ## - REFERENCIA COMPLEJA DE VÉASE ADEMÁS - MATERIA
- Texto explicativo: Véase también como subdivisión
- Encabezamiento al que se remite: ENSEÑANZA PROGRAMADA
- Texto explicativo: bajo materias. Ej.:
- Encabezamiento al que se remite: TRIGONOMETRIA - ENSEÑANZA PROGRAMADA
450 ## - VÉASE - MATERIA
- Encabezamiento temático: Instrucción programada
670 ## - FUENTE EN LA QUE SE LOCALIZARON DATOS
- Cita de la fuente: B
902 ## - CATALOGADOR
- Catalogador: MMA/260106
